000 00392nam a2200157Ia 4500
100 _aMisra Saha Iti
650 _aWireless communication
942 _cBK
366 _f25
654 _awireless communication
245 _aWireless communication and networks:3G and beyond
260 _bTata Mc Graw hill Ltd.
_c2009
082 _a621.382
_bMIS
300 _a390
546 _aENGLISH
_cTTL
999 _c31601
_d31601